Handbook of software maintenance : (Record no. 60997)
[ view plain ]
| 000 -LEADER | |
|---|---|
| fixed length control field | 01104pam a2200253 a 4500 |
| 001 - CONTROL NUMBER | |
| control field | 498366 |
| 003 - CONTROL NUMBER IDENTIFIER | |
| control field | NUST-PNEC |
| 005 - DATE AND TIME OF LATEST TRANSACTION | |
| control field | 20170116180712.0 |
| 008 - FIXED-LENGTH DATA ELEMENTS--GENERAL INFORMATION | |
| fixed length control field | 850826s1986 nyua b 001 0 eng |
| 010 ## - LIBRARY OF CONGRESS CONTROL NUMBER | |
| LC control number | 85020338 |
| 020 ## - INTERNATIONAL STANDARD BOOK NUMBER | |
| International Standard Book Number | 0471828130 : |
| 040 ## - CATALOGING SOURCE | |
| Original cataloging agency | DLC |
| Transcribing agency | PNEC |
| Modifying agency | DLC |
| 050 00 - LIBRARY OF CONGRESS CALL NUMBER | |
| Classification number | QA76.76.S64 |
| Item number | P37 1986 |
| 082 00 - DEWEY DECIMAL CLASSIFICATION NUMBER | |
| Classification number | 005.16 |
| 100 1# - MAIN ENTRY--PERSONAL NAME | |
| Personal name | Parikh, Girish, |
| Dates associated with a name | 1934- |
| 245 10 - TITLE STATEMENT | |
| Title | Handbook of software maintenance : |
| Remainder of title | a treasury of technical and managerial tips, techniques, guidelines, ideas, sources, and case studies for efficient, effective, and economical software maintenance / |
| Statement of responsibility, etc. | Girish Parikh ; with a foreword by Gerald M. Weinberg. |
| 260 ## - PUBLICATION, DISTRIBUTION, ETC. | |
| Place of publication, distribution, etc. | New York : |
| Name of publisher, distributor, etc. | Wiley, |
| Date of publication, distribution, etc. | c1986. |
| 300 ## - PHYSICAL DESCRIPTION | |
| Extent | xxiii, 421 p. : |
| Other physical details | ill. ; |
| Dimensions | 24 cm. |
| 500 ## - GENERAL NOTE | |
| General note | Includes indexes. http://www.amazon.com/Handbook-Software-Maintenance-Girish-Parikh/dp/0471828130/ref=sr_1_1?s=books&ie=UTF8&qid=1413204381&sr=1-1&keywords=0471828130 |
| 504 ## - BIBLIOGRAPHY, ETC. NOTE | |
| Bibliography, etc. note | Bibliography: p. 367-412. |
| 650 #0 - SUBJECT ADDED ENTRY--TOPICAL TERM | |
| Topical term or geographic name entry element | Software maintenance |
| General subdivision | MIS |
| -- | Handbooks, manuals, etc. |
| 906 ## - LOCAL DATA ELEMENT F, LDF (RLIN) | |
| a | 7 |
| b | cbc |
| c | orignew |
| d | 1 |
| e | ocip |
| f | 19 |
| g | y-gencatlg |
| 942 ## - ADDED ENTRY ELEMENTS (KOHA) | |
| Source of classification or shelving scheme | |
| Koha item type | Book |
| Withdrawn status | Lost status | Source of classification or shelving scheme | Damaged status | Not for loan | Permanent Location | Current Location | Shelving location | Date acquired | Source of acquisition | Cost, normal purchase price | Total Checkouts | Full call number | Barcode | Date last seen | Cost, replacement price | Price effective from | Koha item type |
|---|---|---|---|---|---|---|---|---|---|---|---|---|---|---|---|---|---|
| Pakistan Navy Engineering College (PNEC) | Pakistan Navy Engineering College (PNEC) | Reference | Progressive International Agency | 889.00 | 005.16 | PNECLIB-012232 | 10/13/2014 | 889.00 | Book |
